[Event "Yangon schev"]
[Site "Yangon"]
[Date "1999.02.11"]
[Round "12"]
[White "Nyee, Nyee Zaw"]
[Black "Thein, Dan Oo"]
[Result "1/2-1/2"]
[WhiteElo "2487"]
[BlackElo "2539"]
[PlyCount "25"]
[EventDate "1999.01.??"]
[EventType "schev"]
[EventRounds "14"]
[EventCountry "BUR"]
[SourceTitle "EXT 2000"]
[Source "ChessBase"]
[SourceDate "1999.11.16"]
[SourceVersion "1"]
[SourceVersionDate "1999.11.16"]
[SourceQuality "1"]

1. d4 d5 2. Nf3 e6 3. c4 c6 4. Nc3 Nd7 5. e3 Ngf6 6. Bd3 Be7 7. 0-0 0-0 8. e4 dxe4 9. Nxe4 Nxe4 10. Bxe4 Nf6 11. Bc2 c5 12. Be3 cxd4 13. Bxd4 1/2-1/2

[Event "Yangon schev"]
[Site "Yangon"]
[Date "1999.02.09"]
[Round "10"]
[White "Aung, Thant Zin"]
[Black "Thein, Dan Oo"]
[Result "1-0"]
[WhiteElo "2410"]
[BlackElo "2539"]
[PlyCount "66"]
[EventDate "1999.01.??"]
[EventType "schev"]
[EventRounds "14"]
[EventCountry "BUR"]
[SourceTitle "EXT 2000"]
[Source "ChessBase"]
[SourceDate "1999.11.16"]
[SourceVersion "1"]
[SourceVersionDate "1999.11.16"]
[SourceQuality "1"]

1. e4 c5 2. Nf3 d6 3. Bb5+ Nd7 4. d4 cxd4 5. Qxd4 Ngf6 6. c4 e5 7. Qd3 a6 8. Bxd7+ Bxd7 9. Nc3 Be7 10. 0-0 0-0 11. Bg5 Bc6 12. Bxf6 Bxf6 13. Rfd1 Be7 14. Nd5 Bxd5 15. Qxd5 Qc7 16. Rac1 Rfd8 17. Rc3 Rac8 18. h4 h6 19. g4 Qc6 20. Qd3 b5 21. Rdc1 b4 22. Rb3 a5 23. g5 h5 24. Nh2 Rb8 25. Qf3 g6 26. Nf1 Rf8 27. Ne3 f5 28. gxf6 Bxf6 29. Nd5 Bxh4 30. Qh3 Bxf2+ 31. Kg2 Qe8 32. Rf1 Bc5 33. Nf6+ Rxf6 1-0

[Event "Yangon schev"]
[Site "Yangon"]
[Date "1999.02.08"]
[Round "9"]
[White "Thein, Dan Oo"]
[Black "Wong, Meng Kong"]
[Result "0-1"]
[WhiteElo "2539"]
[BlackElo "2459"]
[PlyCount "46"]
[EventDate "1999.01.??"]
[EventType "schev"]
[EventRounds "14"]
[EventCountry "BUR"]
[SourceTitle "EXT 2000"]
[Source "ChessBase"]
[SourceDate "1999.11.16"]
[SourceVersion "1"]
[SourceVersionDate "1999.11.16"]
[SourceQuality "1"]

1. e4 e5 2. Nf3 Nc6 3. Bc4 Be7 4. 0-0 Nf6 5. d4 d6 6. c3 0-0 7. Re1 Bg4 8. d5 Nb8 9. h3 Bc8 10. Bb3 Kh8 11. Bc2 Ng8 12. c4 a5 13. Nc3 Na6 14. b3 Nc5 15. Rb1 f5 16. exf5 Bxf5 17. a3 Qe8 18. b4 axb4 19. axb4 Na4 20. Nxa4 Bxc2 21. Qxc2 Qxa4 22. Qd3 Rf7 23. Bg5 Rxf3 0-1

[Event "Yangon schev"]
[Site "Yangon"]
[Date "1999.02.07"]
[Round "8"]
[White "Tin, Htun Zaw"]
[Black "Thein, Dan Oo"]
[Result "0-1"]
[WhiteElo "2509"]
[BlackElo "2539"]
[PlyCount "76"]
[EventDate "1999.01.??"]
[EventType "schev"]
[EventRounds "14"]
[EventCountry "BUR"]
[SourceTitle "EXT 2000"]
[Source "ChessBase"]
[SourceDate "1999.11.16"]
[SourceVersion "1"]
[SourceVersionDate "1999.11.16"]
[SourceQuality "1"]

1. e4 c5 2. Nf3 d6 3. Bb5+ Nd7 4. 0-0 Ngf6 5. Re1 a6 6. Bf1 e5 7. c3 Be7 8. d4 0-0 9. b3 Qc7 10. Bb2 b5 11. dxe5 dxe5 12. c4 b4 13. Nbd2 Bb7 14. g3 Rfe8 15. Bh3 Bf8 16. Qe2 g6 17. Qe3 Bg7 18. Nh4 Rad8 19. f3 Nb8 20. Nf1 a5 21. Rad1 h6 22. Qf2 Kh7 23. Ne3 Rxd1 24. Rxd1 Nc6 25. Nd5 Nxd5 26. exd5 Nd4 27. Ng2 f5 28. Re1 Bc8 29. Bxd4 cxd4 30. Nf4 Rf8 31. Ne2 d3 32. Nc1 e4 33. Qe3 Bc3 34. Rd1 f4 35. gxf4 Bxh3 36. fxe4 Qd7 37. Rxd3 Qg4+ 38. Qg3 Rxf4 0-1

[Event "Yangon schev"]
[Site "Yangon"]
[Date "1999.02.01"]
[Round "2"]
[White "Nay, Oo Kyaw Tun"]
[Black "Thein, Dan Oo"]
[Result "1/2-1/2"]
[WhiteElo "2495"]
[BlackElo "2539"]
[PlyCount "20"]
[EventDate "1999.01.??"]
[EventType "schev"]
[EventRounds "14"]
[EventCountry "BUR"]
[SourceTitle "EXT 2000"]
[Source "ChessBase"]
[SourceDate "1999.11.16"]
[SourceVersion "1"]
[SourceVersionDate "1999.11.16"]
[SourceQuality "1"]

1. e4 e5 2. Nf3 Nc6 3. Bb5 a6 4. Ba4 Nf6 5. 0-0 Be7 6. Re1 b5 7. Bb3 d6 8. c3 0-0 9. h3 Nd7 10. d4 Bf6 1/2-1/2